Normal view
MARC view
Entry Personal Name
001 - CONTROL NUMBER
- control field: 87186
003 - CONTROL NUMBER IDENTIFIER
- control field: dpl
005 - DATE AND TIME OF LATEST TRANSACTION
- control field: 20260206111250.0
008 - FIXED-LENGTH DATA ELEMENTS
- fixed length control field: 260206|| aca||aabn | a|a d
040 ## - CATALOGING SOURCE
- Original cataloging agency: dpl
- Transcribing agency: dpl
100 ## - HEADING--PERSONAL NAME
- Personal name: हुकम सिंह 'जमीर'
670 ## - SOURCE DATA FOUND
- Source citation: Work cat.: (dpl)214724: हुकम सिंह 'जमीर', जमीर की मधुशाला /, 2020
